Score 0/15 Timer 07:00
13 Plays Today
Island % Correct
Ireland
82.9%
Isle of Man
74.8%
Isle of Wight
58.3%
Great Britain
57.8%
Shetland mainland
54.5%
Orkney mainland
47.6%
Skye
41.7%
Anglesey
30.3%
Island % Correct
Mull
24.9%
Arran
21.8%
Lewis and Harris
20.9%
Islay
14.9%
Jura
14%
North Uist
11.5%
South Uist
11.5%
Come Together.
Have Fun.
All Virtual.
We all need to come together. Play Sporcle's virtual live trivia to have fun, connect with people, and get your trivia on. Join a live hosted trivia game for your favorite pub trivia experience done virtually. If a virtual private party is more your thing, go here for details.

You're not logged in!

Compare scores with friends on all Sporcle quizzes.
OR
Log In

Sporcle TV

Today on Sporcle TV


Watch our educational content, quiz creation guides, and fun videos on Sporcle TV.

Show Comments

Extras

Top Quizzes Today


Score Distribution

Paid Content

Your Account Isn't Verified!

In order to create a playlist on Sporcle, you need to verify the email address you used during registration. Go to your Sporcle Settings to finish the process.

Report this User

Report this user for behavior that violates our Community Guidelines.

Details: